000 00533nam a2200193Ia 4500
008 131103s9999 xx 000 0 und d
020 _cRs.20
040 _aLoreto College
041 _aEnglish
082 _a954/SAR
_bLCBED/4139
100 _aSarkar,Jadunath
245 _aFall of the Mughal Empire
_b in 4 volumes
_cJadunath Sarkar
260 _aBombay
_bOrient Longman
_c1966
300 _a398 p.
_c 21 cm.
504 _aGone for binding
650 _aHistory - Fall of the Mughal Empire.
850 _aLCBED
942 _cBK
999 _c19091
_d69570